| Tag |
First Indicator |
Second Indicator |
Subfields |
| LEADER |
00000nmm a22000001a 4500 |
| 001 |
in00004617536 |
| 006 |
m|||||o||m|||||||| |
| 007 |
cr|cn |||uuuuu |
| 008 |
221118s2018 xxu||||co|||| ||||||eng d |
| 005 |
20221207215354.8 |
| 035 |
|
|
|a (TxWaIVM)IV75779ToDi
|
| 040 |
|
|
|a TxWaIVM
|c TxWaIVM
|
| 245 |
0 |
0 |
|a Disney Manga Tim Burton's Nightmare Before Christmas /
|c powered by Library Pass.
|
| 260 |
3 |
|
|a [United States] :
|b Tokyopop,
|c 2018.
|
| 300 |
|
|
|a 1 online resource.
|
| 336 |
|
|
|a text
|b txt
|2 rdacontent
|
| 337 |
|
|
|a computer
|b c
|2 rdamedia
|
| 338 |
|
|
|a online resource
|b cr
|2 rdacarrier
|
| 520 |
|
|
|a Jack Skellington is the Pumpkin King, the ruler of Halloween Town and master of all things creepy and spooky. But he's tired of his life in the shadows and longs for something new. When he accidentally stumbles upon Christmas Town, he decides this is the perfect chance to try his hand at a brand new holiday and is convinced he'll have the world yelling "Scary Christmas"! With the young patchwork doll Sally trying to dissuade him and the evil Oogie Boogie waiting in the wings to take over Halloween Town in Jack's absence, he'd better hurry if he wants to get his plan in place by December 25th! You've seen the movie, now read the manga for a new twist on an animated classic!
|
| 521 |
|
|
|a 5
|
| 538 |
|
|
|a Requires a valid library card and registration for new users.
|
| 538 |
|
|
|a Mode of access: World Wide Web.
|
| 538 |
|
|
|a System requirements: Flash 10.1 or higher, Windows XP and higher, Internet Explorer 7 and higher, Firefox 3.6 and higher, Google Chrome; Max OS 10.5 and higher, Safari 4 and higher.
|
| 650 |
|
0 |
|a Comic books, strips, etc.
|
| 655 |
|
7 |
|a Electronic books.
|2 local
|
| 655 |
|
7 |
|a Comic books, strips, etc.
|2 gsafd
|
| 650 |
|
0 |
|a Motion pictures and comic books
|
| 655 |
|
7 |
|a Motion pictures and comic books
|2 gsafd
|
| 650 |
|
0 |
|a Humor
|
| 655 |
|
7 |
|a Humor
|2 gsafd
|
| 650 |
|
0 |
|a Comic books, strips, etc. --Drama
|
| 655 |
|
7 |
|a Comic books, strips, etc. --Drama
|2 gsafd
|
| 650 |
|
0 |
|a Fantasy comic books, strips, etc.
|
| 655 |
|
7 |
|a Fantasy comic books, strips, etc.
|2 gsafd
|
| 650 |
|
0 |
|a Comic books, strips, etc. --Fiction
|
| 655 |
|
7 |
|a Comic books, strips, etc. --Fiction
|2 gsafd
|
| 650 |
|
0 |
|a Comic books, strips, etc. --Holidays
|
| 655 |
|
7 |
|a Comic books, strips, etc. --Holidays
|2 gsafd
|
| 650 |
|
0 |
|a Horror comic books, strips, etc.
|
| 655 |
|
7 |
|a Horror comic books, strips, etc.
|2 gsafd
|
| 650 |
|
0 |
|a Comic books, strips, etc.
|
| 655 |
|
7 |
|a Comic books, strips, etc.
|2 gsafd
|
| 650 |
|
0 |
|a Movie & TV
|
| 655 |
|
7 |
|a Movie & TV
|2 gsafd
|
| 650 |
|
0 |
|a Suspense comic books, strips, etc.
|
| 655 |
|
7 |
|a Suspense comic books, strips, etc.
|2 gsafd
|
| 650 |
|
0 |
|a Comic books, strips, etc. --Mythology
|
| 655 |
|
7 |
|a Comic books, strips, etc. --Mythology
|2 gsafd
|
| 650 |
|
0 |
|a Fantasy comic books, strips, etc.
|
| 655 |
|
7 |
|a Fantasy comic books, strips, etc.
|2 gsafd
|
| 650 |
|
0 |
|a Fantasy comic books, strips, etc.
|
| 655 |
|
7 |
|a Fantasy comic books, strips, etc.
|2 gsafd
|
| 650 |
|
0 |
|a Fantasy comic books, strips, etc.
|
| 655 |
|
7 |
|a Fantasy comic books, strips, etc.
|2 gsafd
|
| 650 |
|
0 |
|a Fantasy comic books, strips, etc.
|
| 655 |
|
7 |
|a Fantasy comic books, strips, etc.
|2 gsafd
|
| 650 |
|
0 |
|a Doujinshi (deactivated)
|
| 655 |
|
7 |
|a Doujinshi (deactivated)
|2 gsafd
|
| 650 |
|
0 |
|a Isekai
|
| 655 |
|
7 |
|a Isekai
|2 gsafd
|
| 700 |
1 |
|
|a Asuga, Jun.
|e writer.
|
| 700 |
1 |
|
|a Burton , Tim.
|e writer.
|
| 700 |
1 |
|
|a Asuga, Jun.
|e artist.
|
| 710 |
2 |
|
|a Library Pass, LLC.
|
| 856 |
4 |
0 |
|u http://proxy.library.tamu.edu/login?url=https://tamu.librarypass.com/product/com.iversecomics.tokyopop.disney.manga.tim.burtons.nightmare.before.christmas.english.10312018
|z Connect to this electronic book (First time users create your free account)
|t 0
|
| 955 |
|
|
|a Comics Plus.
|
| 999 |
f |
f |
|s ef88deb2-3d7a-4cef-837e-41b344f56262
|i 8d30f407-f84a-4ff3-b129-602ff40c0036
|t 0
|
| 952 |
f |
f |
|a Texas A&M University
|b College Station
|c Electronic Resources
|d Available Online
|t 0
|h Library of Congress classification
|
| 998 |
f |
f |
|t 0
|l Available Online
|